LEADER 00978nam 2200361 450 001 990002709860203316 005 20060213153619.0 010 $a2-906131-76-8 035 $a000270986 035 $aUSA01000270986 035 $a(ALEPH)000270986USA01 035 $a000270986 100 $a20060213d2004----km-y0itay0103----ba 101 $afre 102 $aBE 105 $a||||||||001yy 200 1 $a<> sourire de Bérénice$eroman$fSandrine Willems 210 $aBruxselles$cLes Impression nouvelles$d2004 215 $a196 p.$d21 cm 410 0$12001 454 1$12001 461 1$1001-------$12001 676 $a840.99 700 1$aWILLEMS,$bSandrine$0442248 801 0$aIT$bsalbc$gISBD 912 $a990002709860203316 951 $aXV.4.A. 33$bF.B.$cXV.4. 959 $aBK 969 $aUMA 979 $aSENATORE$b90$c20060213$lUSA01$h1533 979 $aSENATORE$b90$c20060213$lUSA01$h1536 996 $aSourire de Bérénice$91001768 997 $aUNISA LEADER 01690nam0 22003613i 450 001 VAN0242593 005 20220617100815.980 017 70$2N$a9789811009501 100 $a20220309d2016 |0itac50 ba 101 $aeng 102 $aSG 105 $a|||| ||||| 200 1 $aNanoclay Reinforced Polymer Composites$eNatural Fibre/Nanoclay Hybrid Composites$feditors Mohammad Jawaid, Abou el Kacem Qaiss, Rachid Bouhfid 210 $aSingapore$cSpringer$d2016 215 $aXII, 296 p.$cill.$d24 cm 410 1$1001VAN0108427$12001 $aEngineering Materials$1210 $aCham$cSpringer$d2000- 620 $aSG$dSingapore$3VANL000061 676 $a620.11$cMateriali dell'ingegneria$v22 676 $a620.192$cPolimeri$v22 676 $a620.1$cScienze dei materiali$v22 676 $a620.14$cCeramica e materiali affini$v22 702 1$aJawaid$bMohammad$3VANV197788 702 1$aQaiss$bAbou el Kacem$3VANV197789 712 $aSpringer $3VANV108073$4650 790 1$aEl Kacem Qaiss, Abou$zQaiss, Abou el Kacem$3VANV197790 801 $aIT$bSOL$c20240614$gRICA 856 4 $uhttps://link.springer.com/book/10.1007/978-981-10-0950-1$zE-book - Accesso al full-text attraverso riconoscimento IP di Ateneo, proxy e/o Shibboleth 899 $aBIBLIOTECA DEL DIPARTIMENTO DI SCIENZE E TECNOLOGIE AMBIENTALI BIOLOGICHE E FARMACEUTICHE$1IT-CE0101$2VAN17 912 $fN 912 $aVAN0242593 950 $aBIBLIOTECA DEL DIPARTIMENTO DI SCIENZE E TECNOLOGIE AMBIENTALI BIOLOGICHE E FARMACEUTICHE$d17CONS e-book 2220 $e17BIB2220/165 165 20220309 996 $aNanoclay Reinforced Polymer Composites$92509379 997 $aUNICAMPANIA